000 01146 a2200193 4500
003 NUST
005 20230804114343.0
040 _cNust
082 _a621.38412,CAT
100 _aCattermole, Kenneth William
_9113957
245 _aTransistor circuits /
_c K. W. Cattermole
250 _a2nd ed
260 _aHeywood Pub. Co.; distributed by Gordon and Breach
_bNew York,
_c1965, c1964
300 _axiv, 470 p.;
_billus
_c23 cm
505 _aIntroduction (Page-1), Semiconductors (Page-6), Electrical Properties Of Transistors (Page-24), Elements Of Transistor Circuits (Page-43), Single Stage Amplifiers (Page-52), Multi Stage Amplifiers (Page-82), Power Amplifiers (Page-112), High Frequency Amplifiers (Page-139), Supplies And Bias Stabilization (Page-201), Negative Resistance (Page-217), Binary Circuits (Page-234), Waveform Generation (Page-271), Counting And Timing (Page-322), Modulation, Detection And Frequency Changing (Page-352), Measurement Of Transistor Properties (Page-368), Fields Of Application (Page-378).
600 _aCattermole, Kenneth William
_9113957
650 _aTransistor circuits
942 _2ddc
_cBK
_k621.38412,CAT
999 _c183395
_d183395